| 000 | 00867nam a22002777a 4500 | ||
|---|---|---|---|
| 001 | vtls000560076 | ||
| 003 | OSt | ||
| 005 | 20251211155322.0 | ||
| 008 | 251211b |||||||| |||| 00| 0 eng d | ||
| 020 | _a9789834715137 | ||
| 040 |
_aMIU _cMIU |
||
| 050 |
_aDS36.85 _b.A286 2015 |
||
| 082 | _a909.097671 | ||
| 100 | _aAhmad Zaki Abd. Latif | ||
| 245 |
_aBuku Revisi Tamadun Islam dan tamadun Asia (TITAS) / _cAhmad Zaki Abd. Latiff, Azam Hamzah, Azhar Mad Aros. |
||
| 250 | _a3rd edition | ||
| 260 |
_aShah Alam : _bOxford Fajar, _c2015 |
||
| 300 |
_a94p. : _bilL, maps ; _c 24cm. |
||
| 501 | _aModel jawapan Lengkap | ||
| 650 |
_aIslamic civilization _xStudy and teaching (Higher) |
||
| 650 |
_aCivilization, Oriental _xStudy and teaching (Higher) |
||
| 651 |
_aAsia _xCivilization |
||
| 700 | _aAzam Hamzah | ||
| 700 | _aAzhar Mad Aros | ||
| 942 |
_2lcc _cBK |
||
| 999 |
_c2614 _d2614 |
||